00790nam a2200193 a 450000100100000000500170001000800410002702000180006804000250008610000480011124501340015926000400029330000210033350000340035450000570038850400290044595201050047499900170057900003918020210910112133.0130606s2012 dr 000 0 spa d a9789945006414 aDO-SdBNPbspacBNPHU1 aRamírez Morillo, Belarminio,d1964-9252013aEl choque entre gladiadores :brazón versus emoción en las campañas de Hipólito y Danilo /cBelarminio Ramírez Morillo. aSanto Domingo :bCentenario,c2012. a315 p. ;c24 cm. aIncluye índice onomástico aIncluye datos biográficos del autor en las solapas aBibliografía : 301-308 0010718PDaPDbPDcCTd2013-06-06iLF1l0o p39180-10r2020-06-25w2020-06-25yLFPDZNo se presta c38670d38670